Effect of spacing and foliar application of chitosan on the growth and yield of cabbage / (Record no. 16485)

MARC details
000 -LEADER
fixed length control field 01151nam a22002897a 4500
001 - CONTROL NUMBER
control field BD-DhSAU 9278
003 - CONTROL NUMBER IDENTIFIER
control field BD-DhSAU
005 - DATE AND TIME OF LATEST TRANSACTION
control field 20230103122416.0
008 - FIXED-LENGTH DATA ELEMENTS--GENERAL INFORMATION
fixed length control field 150613b2018 bg a|||| m||| 00| 0 eng d
040 ## - CATALOGING SOURCE
Original cataloging agency BD-DhSAU
082 ## - DEWEY DECIMAL CLASSIFICATION NUMBER
Edition number 22
Item number As11
Classification number 635
100 ## - MAIN ENTRY--PERSONAL NAME
Personal name ASA, MST. AYSHA SIDDIKA
Relator term Registration No. # 14-05990
245 ## - TITLE STATEMENT
Title Effect of spacing and foliar application of<br/>chitosan on the growth and yield of <br/>cabbage /<br/><br/>
Remainder of title MS thesis
260 ## - PUBLICATION, DISTRIBUTION, ETC. (IMPRINT)
Place of publication, distribution, etc. Sher-e-Bangla Agricultural University :
Name of publisher, distributor, etc. Department of Horticulture,
Date of publication, distribution, etc. 2021
300 ## - PHYSICAL DESCRIPTION
Extent x, 62p. :
Other physical details ill. ;
Dimensions 30 cm.
500 ## - GENERAL NOTE
General note MS thesis of Department of Horticulture, Faculty of Agriculture, Sher-e-Bangla Agricultural University, Dhaka, Bangladesh
504 ## - BIBLIOGRAPHY, ETC. NOTE
Bibliography, etc Includes bibliographical reference.
590 ## - Name of Cataloguer
Name of Cataloger Nazmul
650 ## - SUBJECT ADDED ENTRY--TOPICAL TERM
Topical term or geographic name as entry element spacing and foliar
650 ## - SUBJECT ADDED ENTRY--TOPICAL TERM
Topical term or geographic name as entry element chitosan
651 ## - SUBJECT ADDED ENTRY--GEOGRAPHIC NAME
Geographic name cabbage
654 ## - SUBJECT ADDED ENTRY--FACETED TOPICAL TERM
Focus term vertical grow-house
700 ## - ADDED ENTRY--PERSONAL NAME
Personal name Prof. Dr. Md. Ismail Hossain
Relator term Superviser
700 ## - ADDED ENTRY--PERSONAL NAME
Personal name Prof. Dr. Mohammad Humayun Kabir
Relator term Co-superviser
856 ## - ELECTRONIC LOCATION AND ACCESS
Uniform Resource Identifier <a href="http://archive.saulibrary.edu.bd:8080/xmlui/handle/123456789/4685">http://archive.saulibrary.edu.bd:8080/xmlui/handle/123456789/4685</a>
942 ## - ADDED ENTRY ELEMENTS (KOHA)
Source of classification or shelving scheme Dewey Decimal Classification
Koha item type MS Level Thesis
Holdings
Withdrawn status Lost status Source of classification or shelving scheme Damaged status Not for loan Collection code Home library Branch Name Date acquired Total Checkouts Full call number Barcode Date last seen Price effective from Koha item type
    Dewey Decimal Classification   Not For Loan Reference SAU Library SAU Library 03/01/2023   As11 635 44346 03/01/2023 03/01/2023 MS Level Thesis